[Event "RUS-ch U20"]
[Site "Loo"]
[Date "2019.04.26"]
[Round "7"]
[White "Khanin, Semen"]
[Black "Gaifullin, Artur"]
[Result "1-0"]
[WhiteElo "2524"]
[BlackElo "2453"]
[PlyCount "99"]
[EventDate "2019.04.20"]
[EventType "tourn"]
[EventRounds "9"]
[EventCountry "RUS"]
[EventCategory "8"]
[SourceTitle "CBM 190 Extra"]
[Source "ChessBase"]
[SourceDate "2019.07.15"]
[SourceVersion "1"]
[SourceVersionDate "2019.07.15"]
[SourceQuality "1"]

1. e4 c6 2. d4 d5 3. e5 Bf5 4. Nf3 e6 5. Be2 Ne7 6. 0-0 c5 7. c4 Nbc6 8. dxc5 d4 9. Qb3 Qd7 10. Rd1 Ng6 11. Nc3 Ngxe5 12. Nxe5 Nxe5 13. Nb5 Nc6 14. Bf4 e5 15. Bxe5 Nxe5 16. Rxd4 Qc6 17. Rd5 f6 18. Nd4 Qc8 19. Nxf5 Qxf5 20. Qxb7 Qc8 21. Rxe5+ fxe5 22. Qd5 Be7 23. Bh5+ g6 24. Bf3 e4 25. Bxe4 Rb8 26. Qe5 Rf8 27. Re1 Qd8 28. Bc6+ Kf7 29. Bd5+ Ke8 30. Bc6+ Kf7 31. Qe6+ Kg7 32. Qxe7+ Qxe7 33. Rxe7+ Rf7 34. Rxf7+ Kxf7 35. b3 Ke7 36. Bd5 a5 37. h4 Rc8 38. c6 Kd6 39. f4 Kc5 40. Kf2 Kb4 41. Ke3 Kc3 42. g4 Re8+ 43. Kf3 Kb2 44. f5 gxf5 45. gxf5 Kxa2 46. c5 Ka3 47. f6 Kb4 48. f7 Rf8 49. c7 Kxc5 50. Be6 1-0

[Event "RUS-ch U20"]
[Site "Loo"]
[Date "2019.04.25"]
[Round "6"]
[White "Gaifullin, Artur"]
[Black "Galaktionov, Artem"]
[Result "1-0"]
[WhiteElo "2453"]
[BlackElo "2332"]
[PlyCount "47"]
[EventDate "2019.04.20"]
[EventType "tourn"]
[EventRounds "9"]
[EventCountry "RUS"]
[EventCategory "8"]
[SourceTitle "CBM 190 Extra"]
[Source "ChessBase"]
[SourceDate "2019.07.15"]
[SourceVersion "1"]
[SourceVersionDate "2019.07.15"]
[SourceQuality "1"]

1. Nf3 g6 2. d4 Bg7 3. e4 d6 4. Bc4 c6 5. a4 Nd7 6. 0-0 e5 7. Ng5 Nh6 8. Bxf7+ Nxf7 9. Ne6 Qe7 10. d5 Nf6 11. Nxg7+ Kf8 12. Ne6+ Bxe6 13. dxe6 Qxe6 14. Qe2 Kg7 15. c4 d5 16. exd5 cxd5 17. cxd5 Nxd5 18. Bd2 Rac8 19. Nc3 Nf6 20. Be3 a6 21. a5 Qc4 22. Qf3 Qb3 23. Ne4 Nxe4 24. Bh6+ 1-0

[Event "RUS-ch U20"]
[Site "Loo"]
[Date "2019.04.23"]
[Round "4"]
[White "Gaifullin, Artur"]
[Black "Ofitserian, Boris"]
[Result "1-0"]
[WhiteElo "2453"]
[BlackElo "2409"]
[PlyCount "75"]
[EventDate "2019.04.20"]
[EventType "tourn"]
[EventRounds "9"]
[EventCountry "RUS"]
[EventCategory "8"]
[SourceTitle "CBM 190 Extra"]
[Source "ChessBase"]
[SourceDate "2019.07.15"]
[SourceVersion "1"]
[SourceVersionDate "2019.07.15"]
[SourceQuality "1"]

1. d4 Nf6 2. Nf3 g6 3. Nbd2 Bg7 4. e4 0-0 5. Bd3 d6 6. 0-0 Nc6 7. Re1 e6 8. c3 b6 9. b4 Bb7 10. b5 Ne7 11. a4 c5 12. a5 bxa5 13. Nb3 c4 14. Nxa5 cxd3 15. Nxb7 Qc7 16. Nxd6 Qxd6 17. e5 Qc7 18. exf6 Bxf6 19. Qxd3 Rfc8 20. Bd2 Nd5 21. Reb1 Rab8 22. h3 Rb7 23. Rb3 Kg7 24. Kf1 h6 25. Ra6 Nb6 26. Rb4 Nd5 27. Rc6 Qd7 28. Rxc8 Qxc8 29. Rc4 Qb8 30. Rc5 Be7 31. c4 Bxc5 32. dxc5 Rd7 33. cxd5 Rxd5 34. Qc4 Qc7 35. Be3 f5 36. g3 g5 37. Qc3+ Kg6 38. Qh8 1-0

[Event "Moscow Aeroflot op-B 18th"]
[Site "Moscow"]
[Date "2019.02.22"]
[Round "3"]
[White "Gaifullin, Artur"]
[Black "Mochalin, Faddey"]
[Result "1-0"]
[WhiteElo "2448"]
[BlackElo "2270"]
[PlyCount "119"]
[EventDate "2019.02.20"]
[EventType "swiss"]
[EventRounds "9"]
[EventCountry "RUS"]
[SourceTitle "CBM 189 Extra"]
[Source "ChessBase"]
[SourceDate "2019.06.03"]
[SourceVersion "1"]
[SourceVersionDate "2019.06.03"]
[SourceQuality "1"]

1. Nf3 d5 2. e3 Nf6 3. c4 c6 4. Nc3 e6 5. Qc2 Nbd7 6. d4 Bd6 7. g4 h6 8. Rg1 e5 9. Bd2 exd4 10. exd4 Qe7+ 11. Be2 Ne4 12. cxd5 Nxc3 13. Bxc3 cxd5 14. 0-0-0 Qe4 15. Qxe4+ dxe4 16. Ne5 Nxe5 17. dxe5 Bc5 18. Bd4 Bxd4 19. Rxd4 Be6 20. b3 Rc8+ 21. Kb2 Ke7 22. Rxe4 Rhd8 23. Rd1 Rxd1 24. Bxd1 Rd8 25. Kc2 Bd5 26. Rd4 a6 27. f4 Ke6 28. Kc3 g5 29. Bc2 gxf4 30. Rxf4 Kxe5 31. Rf5+ Ke6 32. Rh5 Kf6 33. h4 Kg7 34. g5 hxg5 35. hxg5 Rc8+ 36. Kb2 Rc5 37. b4 Rb5 38. a3 Bf3 39. Rh3 Bg4 40. Rh7+ Kg8 41. g6 fxg6 42. Bxg6 Rg5 43. Bd3 Bf3 44. Rh4 Bg2 45. Rf4 Bc6 46. Bc4+ Kg7 47. a4 Kg6 48. a5 Bb5 49. Bf7+ Kg7 50. Kc3 Rg1 51. Bd5 Rc1+ 52. Kd4 Rc7 53. Ke5 Bc6 54. Be6 Bb5 55. Rg4+ Kh6 56. Kf6 Be8 57. Rg8 Bh5 58. Rh8+ Rh7 59. Rxh7+ Kxh7 60. Bd5 1-0